Pokémon - Les attaques de Ursaring - Statistiques

Statistiques générales
  • Ce quiz a été pris 12 fois
  • Le résultat moyen est 7 sur 15
Statistiques - réponses
Niveaux Types Noms des attaques % Correct
Départ Normal Griffe
83%
Départ Spectre Léchouille
83%
Niveau 29 Normal Tranche
83%
Niveau 8 Normal Combo-Griffe
67%
Niveau 38 Normal Grimace
67%
Niveau 22 Normal Doux Parfum
50%
Départ Normal Groz'Yeux
50%
Niveau 58 Normal Mania
50%
Départ Niveau 67 Combat Marto-Poing
50%
Départ Ténèbres Croco Larme
33%
Niveau 15 Ténèbres Feinte
33%
Niveau 47 Psy Repos
33%
Départ Normal Implore
17%
Niveau 49 Normal Ronflement
17%
Niveau 25 Normal Camaraderie
0%
Aucun quiz correspondant
Distribution des résultats
% des personnes avec chaque résultat
Percentile par nombre de réponses
Votre historique - résultats
Vous n’avez pas pris ce quiz